=LDR 00000nam 2200000 4500 =001 INLIS000000000026500 =005 20130612124935 =008 ***********************************ind** =035 ##$$0010-061300000026500 =041 ##$$a ind =082 ##$$a 005.365 =090 ##$$a 005.365, KUR m =100 ##$$a Kurniadi, Adi =245 ##$$a Membuat Dunia 3D dengan VRML, Adi Kurniadi =260 ##$$a 2000 $b Jakarta =300 ##$$a xi, 169 hlm., ilus., 21 cm =650 ##$$a Program Komputer =650 ##$$a MultiMedia =850 ##$$a NBPNMAT